Marketingový mix podniku

Pojem marketingový mix. Zložky marketingového mixu.

Na minha lista:
Detalhes bibliográficos
Autor principal: Hrehovčíková, Silvia
Formato: Capítulo de Livro
Idioma:eslovaco
Assuntos:
Tags: Adicionar Tag
Sem tags, seja o primeiro a adicionar uma tag!

MARC

LEADER 00000nla a2200000 4500
001 0239016
005 20240417075130.8
041 0 |a slo 
044 |a SK 
245 1 0 |a Marketingový mix podniku  |c Silvia Hrehovčíková 
520 |a Pojem marketingový mix. Zložky marketingového mixu. 
610 2 0 |a marketing mix 
610 2 0 |a stratégia marketingová 
610 2 0 |a ceny 
610 2 0 |a produkty 
610 2 0 |a distribúcia 
610 2 0 |a propagácia 
100 1 |a Hrehovčíková, Silvia